Под знаком кванта

Détails bibliographiques
Auteur principal: Пономарев Л. И. Леонид Иванович
Résumé:Утилитарная польза науки повседневна и очевидна, но её высшая ценность в другом: она кардинально изменила представление человека об окружающем его мире. Современная квантовая картина мира сложилась в XX веке. В книге представлена история её становления, а также место в нынешней культуре.Книга относится к редкому жанру научно-художественной литературы и адресована старшим школь­никам, учителям, студентам, а также всем, кому интересно понять устройство мира, в котором мы живём. За прошедшие 40 лет книга переведена на 16 языков и используется в разных странах как пособие по истории квантовой физики. В 2010 г. она удостоена премии «Просветитель».
Langue:russe
Publié: Москва, Физматлит, 2012
Édition:4-е изд., испр. и доп.
Sujets:
Format: Livre
KOHA link:https://koha.lib.tpu.ru/cgi-bin/koha/opac-detail.pl?biblionumber=283690

MARC

LEADER 00000nam0a2200000 4500
001 283690
005 20231101235624.0
010 |a 9785922113687 
035 |a (RuTPU)RU\TPU\book\307814 
035 |a RU\TPU\book\189675 
090 |a 283690 
100 |a 20150210d2012 k y0rusy50 ca 
101 0 |a rus 
102 |a RU 
105 |a ac z 001zd 
200 1 |a Под знаком кванта  |f Л. И. Пономарев 
205 |a 4-е изд., испр. и доп. 
210 |a Москва  |c Физматлит  |d 2012 
215 |a 461 с.  |c ил. 
320 |a Имен. указ.: с. 445-458. 
320 |a Предм. указ.: с. 459-461. 
330 |a Утилитарная польза науки повседневна и очевидна, но её высшая ценность в другом: она кардинально изменила представление человека об окружающем его мире. Современная квантовая картина мира сложилась в XX веке. В книге представлена история её становления, а также место в нынешней культуре.Книга относится к редкому жанру научно-художественной литературы и адресована старшим школь­никам, учителям, студентам, а также всем, кому интересно понять устройство мира, в котором мы живём. За прошедшие 40 лет книга переведена на 16 языков и используется в разных странах как пособие по истории квантовой физики. В 2010 г. она удостоена премии «Просветитель». 
600 0 |a Лукреций  |c полное имя Тит Лукреций Кар  |c римский поэт  |c философ  |f 1 в. до н. э.  |2 stltpush  |3 (RuTPU)RU\TPU\pers\5642  |9 1122 
600 1 |a Планк  |g Макс  |b М.  |c немецкий физик  |f 1858-1947  |2 stltpui  |3 (RuTPU)RU\TPU\pers\1580 
600 1 |a Ломоносов  |g Михаил Васильевич  |b М. В.  |c ученый-естествоиспытатель, поэт, историк, художник, деятель просвещения, науки и экономики  |f 1711-1765  |2 stltpui  |3 (RuTPU)RU\TPU\pers\975 
600 1 |a Резерфорд  |g Эрнест  |b Э.  |c английский физик  |f 1871-1937  |2 stltpui  |3 (RuTPU)RU\TPU\pers\1892 
600 1 |a Бор  |g Нильс Хедрик Давид  |b Н. Х. Д.  |c датский физик  |f 1885-1962  |2 stltpui  |3 (RuTPU)RU\TPU\pers\950 
600 1 |a Бройль (де Брольи)  |b Л. де  |c французский физик  |c Нобелевский лауреат  |f 1892-1987  |g Луи де  |c иностранный член АН СССР  |2 stltpush  |3 (RuTPU)RU\TPU\pers\11724 
600 1 |a Эренфест  |b П.  |c физик-теоретик  |f 1880-1933  |g Пауль  |c иностранный член-корреспондент РАН  |y Австрия, Россия, Нидерланды  |2 stltpush  |3 (RuTPU)RU\TPU\pers\11715 
600 1 |a Рентген  |b В. К.  |c немецкий физик  |f 1845-1923  |g Вильгельм Конрад  |2 stltpush  |3 (RuTPU)RU\TPU\pers\4386  |9 985 
600 1 |a Беккерель  |b А. А.  |c французский физик  |f 1852-1908  |g Анри Антуан  |2 stltpush  |3 (RuTPU)RU\TPU\pers\15590  |9 5401 
600 1 |a Кюри  |b П.  |c французский физик  |c член Парижской АН  |f 1859-1906  |g Пьер  |2 stltpush  |3 (RuTPU)RU\TPU\pers\12088  |9 3158 
600 1 |a Склодовская-Кюри  |g Мария  |b М.  |c французский физик  |c химик  |f 1876-1934  |c Нобелевский лауреат  |2 stltpui  |3 (RuTPU)RU\TPU\pers\1471 
600 1 |a Резерфорд  |g Эрнест  |b Э.  |c английский физик  |f 1871-1937  |2 stltpui  |3 (RuTPU)RU\TPU\pers\1892 
600 1 |a Менделеев  |g Дмитрий Иванович  |b Д. И.  |c учёный-энциклопедист, химик, педагог  |f 1834-1907  |c член-корреспондент Петербургской АН  |2 stltpush  |3 (RuTPU)RU\TPU\pers\1367 
606 1 |a Квантовая физика  |2 stltpush  |3 (RuTPU)RU\TPU\subj\42126  |9 61861 
610 1 |a кванты 
610 1 |a атомы 
610 1 |a волны 
610 1 |a спектры 
610 1 |a ионы 
610 1 |a лучистая материя 
610 1 |a электроны 
610 1 |a планетарный атом 
610 1 |a спектральные серии 
610 1 |a фотоны 
610 1 |a атомистика 
610 1 |a атом Бора 
610 1 |a периодическая система элементов 
610 1 |a матричная механика 
610 1 |a волновая механика 
610 1 |a дифракция 
610 1 |a корпускулярно-волновой дуализм 
610 1 |a принцип дополнительности 
610 1 |a квантовая механика 
610 1 |a радий 
610 1 |a радиоэлементы 
610 1 |a изотопы 
610 1 |a уран 
610 1 |a радиоактивный распад 
610 1 |a рентгеновские волны 
610 1 |a нейтроны 
610 1 |a туннельный эффект 
610 1 |a нейтронное сечение 
610 1 |a цепные реакции 
610 1 |a плутоний 
610 1 |a атомные бомбы 
610 1 |a ядерная энергия 
610 1 |a атомная энергетика 
610 1 |a Солнце 
610 1 |a нейтринная астрономия 
675 |a 530.145.6  |v 3 
700 1 |a Пономарев  |b Л. И.  |g Леонид Иванович 
801 1 |a RU  |b 63413507  |c 20041123  |g PSBO 
801 2 |a RU  |b 63413507  |c 20220225  |g PSBO 
942 |c BK